000 00615nam a2200181Ia 4500
003 GCL
008 140319s9999 xx 000 0 ara d
040 _aGCL /
_cGCL
082 0 4 _a341.24
_bم م
100 1 _aنبيل محمد عباس
245 1 0 _aالمطالبات ومحكمة التحكيم وقوانين التحكيم العربية /
_cنبيل محمد عباس
700 1 _aمحمد ماجد عباس خلوصى
260 _a[S.N] :
_bلجنة الاعلام والدراسات المستقبلية ،
_c1993
300 _a391 ص
490 _a
650 0 4 _aالقوانين
942 _2ddc
_cBK
999 _c45601
_d45601